| 000 | 00799nam a2200229Ia 4500 | ||
|---|---|---|---|
| 003 | ARRUPE | ||
| 005 | 20170116090115.0 | ||
| 008 | 130303s9999 xx 000 0 und d | ||
| 020 | _a0385007736 | ||
| 040 | _cARRUPELIB | ||
| 050 | _aBS1585.3A544 | ||
| 100 |
_aAndersen , Francis I. _928370 |
||
| 245 |
_aAmos :a new translation with introduction and commentary _ba new translation with introduction and commentary _cby Andersen , Francis I. and Freedman, David Noel |
||
| 250 | _a1st ed. | ||
| 260 |
_aNew york _bDoubleday & Co. _c1964 |
||
| 300 |
_axlii, 979p.; _c24cm. |
||
| 440 |
_aThe anchor bible series ; v. 24a _928371 |
||
| 650 |
_aBIBLE OT. Amos _xCommentaries _928372 |
||
| 650 |
_bReligions , Natural _928373 |
||
| 700 |
_aFreedman , David Noel _916560 |
||
| 942 |
_2lcc _cMONOGRAPH |
||
| 999 |
_c21065 _d21065 |
||